[Event "TCh-FRA Top 12 2012"]
[Site "Belfort FRA"]
[Date "2012.05.31"]
[Round "1.4"]
[White "Kosten, Anthony C."]
[Black "Miton, Kamil"]
[Result "1/2-1/2"]
[WhiteTitle "GM"]
[BlackTitle "GM"]
[WhiteElo "2493"]
[BlackElo "2622"]
[WhiteTeam "BISCHWILLER"]
[BlackTeam "MARSEILLE Echecs"]
[WhiteFideId "400114"]
[BlackFideId "1111914"]
[EventDate "2012.05.31"]

1. c4 f5 2. Nc3 Nf6 3. g3 g6 4. Bg2 Bg7 5. d3 d6 6. e4 c6 7. Nge2 e5 8. O-O O-O
9. exf5 Bxf5 10. h3 Na6 11. d4 h5 12. dxe5 dxe5 13. Be3 Qe7 14. Qb3 Rf7 15. Rfd1
Qe6 16. Kh2 Bf8 17. Na4 Bd6 18. Ng1 e4 19. Ne2 Qe7 20. Rd2 Re8 21. Rad1 Bb8 22.
Bf4 Bxf4 23. Nxf4 g5 24. Ne2 e3 25. Qxe3 Qxe3 26. fxe3 Rxe3 27. Nd4 1/2-1/2

[Event "TCh-FRA Top 12 2012"]
[Site "Belfort FRA"]
[Date "2012.05.31"]
[Round "1.5"]
[White "Istratescu, Andrei"]
[Black "Marcelin, Cyril"]
[Result "1-0"]
[WhiteTitle "GM"]
[BlackTitle "GM"]
[WhiteElo "2636"]
[BlackElo "2477"]
[WhiteTeam "MARSEILLE Echecs"]
[BlackTeam "BISCHWILLER"]
[WhiteFideId "1200372"]
[BlackFideId "607274"]
[EventDate "2012.05.31"]

1. d4 d6 2. Nf3 g6 3. c4 Bg7 4. Nc3 Bg4 5. e3 Nc6 6. Be2 Nf6 7. h3 Bxf3 8. Bxf3
O-O 9. O-O Nd7 10. Rb1 e5 11. d5 Ne7 12. b4 f5 13. e4 Nf6 14. Bg5 fxe4 15. Bg4
Nf5 16. Nxe4 Qe8 17. Bxf6 Bxf6 18. c5 Be7 19. cxd6 cxd6 20. Rc1 Rc8 21. Qd2 Qd7
22. Ng3 Bh4 23. Rxc8 Rxc8 24. Bxf5 gxf5 25. Qh6 Bxg3 26. fxg3 Rf8 27. a4 Qe7 28.
b5 f4 29. gxf4 exf4 30. Qe6+ Qxe6 31. dxe6 Rf6 32. Re1 Kf8 33. e7+ Ke8 34. Kf2
Rf5 35. Re6 Rd5 36. Kf3 Rd2 37. Rh6 Ra2 38. Kxf4 Rxa4+ 39. Kf5 Kd7 40. Rxh7 b6 1-0

[Event "TCh-FRA Top 12 2012"]
[Site "Belfort FRA"]
[Date "2012.05.31"]
[Round "1.6"]
[White "Netzer, Jean"]
[Black "Gozzoli, Yannick"]
[Result "1/2-1/2"]
[WhiteTitle "IM"]
[BlackTitle "GM"]
[WhiteElo "2396"]
[BlackElo "2551"]
[WhiteTeam "BISCHWILLER"]
[BlackTeam "MARSEILLE Echecs"]
[WhiteFideId "623350"]
[BlackFideId "616915"]
[EventDate "2012.05.31"]

1. e4 e5 2. Nf3 Nc6 3. Bc4 Bc5 4. c3 Nf6 5. d4 exd4 6. cxd4 Bb4+ 7. Bd2 Nxe4 8.
Bxb4 Nxb4 9. Bxf7+ Kxf7 10. Qb3+ Kf8 11. Qxb4+ Qe7 12. Qxe7+ Kxe7 13. O-O Re8
14. Re1 Kf8 15. Na3 Nf6 16. Nb5 Rxe1+ 17. Rxe1 Nd5 18. Rc1 c6 19. Nd6 Ke7 20.
Nf5+ Kf6 21. Nd6 Ke7 22. Nf5+ Kf6 23. Nd6 Ke7 1/2-1/2

[Event "TCh-FRA Top 12 2012"]
[Site "Belfort FRA"]
[Date "2012.05.31"]
[Round "1.7"]
[White "Maze, Sebastien"]
[Black "Bellahcene, Bilel"]
[Result "1-0"]
[WhiteTitle "GM"]
[BlackTitle "FM"]
[WhiteElo "2594"]
[BlackElo "2347"]
[WhiteTeam "MARSEILLE Echecs"]
[BlackTeam "BISCHWILLER"]
[WhiteFideId "613762"]
[BlackFideId "696358"]
[EventDate "2012.05.31"]

1. d4 d5 2. Nf3 a6 3. Bg5 Nd7 4. e3 h6 5. Bh4 Ngf6 6. c4 dxc4 7. Bxc4 e6 8. a4
Be7 9. Nc3 c5 10. O-O cxd4 11. exd4 O-O 12. Re1 Re8 13. Qe2 Nb6 14. Bb3 Nbd5 15.
Ne5 Qb6 16. Bxd5 exd5 17. Bxf6 Bxf6 18. Nc4 Qe6 19. Nb6 Bxd4 20. Nxa8 Bxc3 21.
Qxe6 Bxe6 22. bxc3 Rxa8 23. Reb1 Ra7 24. Rb6 Bd7 25. Rd6 Bc6 26. Rd8+ Kh7 27. a5
Kg6 28. Re1 Kf6 29. f4 g6 30. Kf2 h5 31. Re5 1-0

[Event "TCh-FRA Top 12 2012"]
[Site "Belfort FRA"]
[Date "2012.05.31"]
[Round "1.8"]
[White "Maisuradze, Nino"]
[Black "Delorme, Laurie"]
[Result "0-1"]
[WhiteTitle "WGM"]
[BlackTitle "WIM"]
[WhiteElo "2302"]
[BlackElo "2236"]
[WhiteTeam "BISCHWILLER"]
[BlackTeam "MARSEILLE Echecs"]
[WhiteFideId "13601717"]
[BlackFideId "630829"]
[EventDate "2012.05.31"]

1. d4 d5 2. c4 dxc4 3. Nf3 Nf6 4. e3 e6 5. Bxc4 a6 6. O-O c5 7. dxc5 Qxd1 8.
Rxd1 Bxc5 9. Nbd2 Ke7 10. Nb3 Bd6 11. Bd2 Ne4 12. Be1 Nd7 13. Rd4 f5 14. Rad1
Ndf6 15. Ng5 Bxh2+ 16. Kxh2 Nxg5 17. Bb4+ Kf7 18. Na5 Kg6 19. Bb3 e5 20. Rd8 Be6
21. Bxe6 Rhxd8 22. Bb3 Rac8 0-1

[Event "TCh-FRA Top 12 2012"]
[Site "Belfort FRA"]
[Date "2012.05.31"]
[Round "1.1"]
[White "Mista, Aleksander"]
[Black "Gharamian, Tigran"]
[Result "1/2-1/2"]
[WhiteTitle "GM"]
[BlackTitle "GM"]
[WhiteElo "2538"]
[BlackElo "2672"]
[WhiteTeam "Echiquier Guingampais"]
[BlackTeam "L'Echiquier Deauvillais"]
[WhiteFideId "1110381"]
[BlackFideId "13301527"]
[EventDate "2012.05.31"]

1. d4 Nf6 2. c4 e6 3. Nc3 Bb4 4. Qc2 O-O 5. a3 Bxc3+ 6. Qxc3 Qe8 7. g3 a5 8. Bg2
d6 9. b3 Ra7 10. Bb2 b5 11. Nf3 a4 12. Nd2 axb3 13. Qxb3 Ba6 14. d5 bxc4 15. Qe3
c3 16. Qxa7 cxd2+ 17. Kxd2 Qb5 18. Bxf6 Qxe2+ 19. Kc1 Qc4+ 20. Kd2 Qd3+ 21. Kc1
Qc4+ 22. Kd2 Qe2+ 23. Kc1 1/2-1/2

[Event "TCh-FRA Top 12 2012"]
[Site "Belfort FRA"]
[Date "2012.05.31"]
[Round "1.5"]
[White "Brochet, Philippe"]
[Black "Battaglini, Gabriel"]
[Result "1/2-1/2"]
[WhiteTitle "IM"]
[BlackTitle "IM"]
[WhiteElo "2383"]
[BlackElo "2412"]
[WhiteTeam "Echiquier Guingampais"]
[BlackTeam "L'Echiquier Deauvillais"]
[WhiteFideId "602469"]
[BlackFideId "621650"]
[EventDate "2012.05.31"]

1. e4 c6 2. d4 d5 3. e5 c5 4. dxc5 e6 5. Nf3 Bxc5 6. Bd3 Nc6 7. O-O f5 8. c3 a5
9. Qe2 Nge7 10. Be3 Qb6 11. Bxc5 Qxc5 12. Na3 O-O 13. Nb5 Ng6 14. g3 Bd7 15.
Rad1 h6 16. Rfe1 Rad8 17. Nd6 Bc8 18. Nd4 Nxd4 19. cxd4 Qb6 20. Bb5 Bd7 21. f4
Bxb5 22. Nxb5 Ne7 23. Nd6 Rd7 24. Qc2 Rc7 25. Qb3 Qxb3 26. axb3 Rc2 27. Nxb7 Nc6
28. Rc1 Rxc1 29. Rxc1 Nxd4 30. Rc7 g5 31. Nxa5 gxf4 32. Nc6 Nxc6 33. Rxc6 fxg3
34. Rxe6 gxh2+ 35. Kxh2 Rb8 36. Rg6+ Kh7 37. Rf6 Rxb3 38. Rxf5 Rxb2+ 39. Kg3 Kg6
40. Rf6+ Kg5 41. Rd6 Rd2 42. e6 Kf6 43. e7+ Kxe7 44. Rxh6 Re2 45. Kf3 Re1 46.
Ra6 Re5 47. Rh6 Re6 48. Rxe6+ Kxe6 49. Ke3 Kd6 50. Kd4 Kc6 51. Kd3 Kc5 52. Kc3
d4+ 53. Kd3 Kd5 54. Kd2 Kc5 55. Kd3 1/2-1/2

[Event "TCh-FRA Top 12 2012"]
[Site "Belfort FRA"]
[Date "2012.05.31"]
[Round "1.6"]
[White "Houska, Jovanka"]
[Black "Migot, Tangi"]
[Result "1-0"]
[WhiteTitle "IM"]
[WhiteElo "2411"]
[BlackElo "2257"]
[WhiteTeam "L'Echiquier Deauvillais"]
[BlackTeam "Echiquier Guingampais"]
[WhiteFideId "405094"]
[BlackFideId "662445"]
[EventDate "2012.05.31"]

1. d4 Nf6 2. Nf3 g6 3. c4 Bg7 4. g3 O-O 5. Bg2 d6 6. O-O Nc6 7. Nc3 Bf5 8. d5
Na5 9. Nd2 c5 10. e4 Bd7 11. Qc2 a6 12. b3 Rb8 13. Bb2 b5 14. Nd1 e5 15. Ne3 Ng4
16. Nxg4 Bxg4 17. Bc3 b4 18. Bb2 Nb7 19. a3 a5 20. f4 exf4 21. gxf4 Qe7 22. axb4
axb4 23. Bxg7 Kxg7 24. Qb2+ f6 25. Ra7 Ra8 26. Rfa1 Rxa7 27. Rxa7 Rf7 28. h3 Bc8
29. Qa1 Qe8 30. Ra8 Rc7 31. e5 fxe5 32. Nf3 Qe7 33. fxe5 dxe5 34. Nxe5 Qf6 35.
Ra6 Nd6 36. Ra7 Rb7 37. Nd3 Rxa7 38. Qxa7+ Nb7 39. Qb8 Qd8 40. Ne5 Kf6 41. Nc6
Qe8 42. Qf4+ Bf5 43. Kf2 Kg7 44. d6 Qf8 45. Ne7 Nxd6 46. Qxd6 Bxh3+ 47. Bf3 Kf7
48. Qf4+ Kxe7 49. Qh4+ Qf6 50. Qxh7+ Kd6 51. Qxh3 Qb2+ 52. Be2 Qd4+ 53. Qe3 Qh4+
54. Kg2 g5 55. Qd3+ Ke5 56. Qe3+ Qe4+ 57. Kf2 g4 58. Bxg4 1-0

[Event "TCh-FRA Top 12 2012"]
[Site "Belfort FRA"]
[Date "2012.05.31"]
[Round "1.7"]
[White "Bodenez, Vincent"]
[Black "Godard, Maxence"]
[Result "1/2-1/2"]
[BlackTitle "IM"]
[WhiteElo "2213"]
[BlackElo "2363"]
[WhiteTeam "Echiquier Guingampais"]
[BlackTeam "L'Echiquier Deauvillais"]
[WhiteFideId "624462"]
[BlackFideId "603694"]
[EventDate "2012.05.31"]

1. e4 c5 2. Nc3 d6 3. Nf3 Nf6 4. d4 cxd4 5. Nxd4 a6 6. h3 e5 7. Nde2 Be6 8. g4
d5 9. exd5 Nxd5 10. Bg2 Bb4 11. O-O Bxc3 12. bxc3 Nc6 13. Qd3 Nde7 14. f4 Bd5
15. Bxd5 Qxd5 16. Qxd5 Nxd5 17. c4 Nde7 18. Ba3 f6 19. Rab1 b5 20. fxe5 Nxe5 21.
cxb5 axb5 22. Bxe7 Kxe7 23. Rxb5 Rhd8 24. Rb7+ Kf8 25. Ra1 Ra3 1/2-1/2

[Event "TCh-FRA Top 12 2012"]
[Site "Belfort FRA"]
[Date "2012.05.31"]
[Round "1.8"]
[White "Fruteau, Sabine"]
[Black "Le Diouron, Aurelie"]
[Result "1/2-1/2"]
[WhiteTitle "WFM"]
[WhiteElo "2127"]
[BlackElo "1954"]
[WhiteTeam "L'Echiquier Deauvillais"]
[BlackTeam "Echiquier Guingampais"]
[WhiteFideId "601942"]
[BlackFideId "637432"]
[EventDate "2012.05.31"]

1. e4 c5 2. Nf3 g6 3. c3 Bg7 4. d4 cxd4 5. cxd4 d5 6. e5 Nc6 7. Nc3 Bg4 8. Be2
Nh6 9. O-O O-O 10. Qb3 Bxf3 11. Bxf3 Nxd4 12. Qxd5 Qxd5 13. Bxd5 Ng4 14. h3 Nxe5
15. Bxb7 Rab8 16. Be4 f5 17. Bd5+ e6 18. Bb3 f4 19. Rd1 Nec6 20. Ba4 e5 21. Kf1
Rfd8 22. Rb1 g5 23. Ne4 h6 24. Bd2 Rd5 25. Rbc1 Ne7 26. Rc7 Nef5 27. Bc1 Ra5 28.
b3 a6 29. Bd2 Rd5 30. Rdc1 Nb5 31. Bxb5 Rbxb5 32. Ra7 Rb6 33. Rc8+ Kh7 34. Ke1
Kg6 35. Rca8 Nd4 36. Rxa6 Rxa6 37. Rxa6+ Kh7 38. b4 f3 39. gxf3 Nxf3+ 40. Ke2
Ng1+ 41. Ke3 Nxh3 42. Rd6 Rxd6 43. Nxd6 Kg6 44. b5 Bf8 45. Ne4 Nf4 46. Ba5 Kf5
47. Ng3+ Ke6 48. b6 Bc5+ 49. Kf3 Nd5 50. b7 Ba7 51. Ne4 Kd7 52. Nc3 Nxc3 53.
Bxc3 Kc7 54. Bxe5+ Kxb7 55. Kg3 Bxf2+ 1/2-1/2

[Event "TCh-FRA Top 12 2012"]
[Site "Belfort FRA"]
[Date "2012.05.31"]
[Round "1.3"]
[White "Llanes Hurtado, Miguel"]
[Black "Tkachiev, Vladislav"]
[Result "1/2-1/2"]
[WhiteTitle "GM"]
[BlackTitle "GM"]
[WhiteElo "2480"]
[BlackElo "2641"]
[WhiteTeam "GRASSE Echecs"]
[BlackTeam "EVRY Grand Roque"]
[WhiteFideId "2206706"]
[BlackFideId "618438"]
[EventDate "2012.05.31"]

1. d4 d6 2. c4 e5 3. d5 Be7 4. Nc3 Na6 5. e4 Bg5 6. Bxg5 Qxg5 7. Nf3 Qe7 8. b4
Nh6 9. c5 O-O 10. Bxa6 bxa6 11. O-O 1/2-1/2

[Event "TCh-FRA Top 12 2012"]
[Site "Belfort FRA"]
[Date "2012.05.31"]
[Round "1.4"]
[White "Nataf, Igor-Alexandre"]
[Black "Sanchez, Joseph"]
[Result "1-0"]
[WhiteTitle "GM"]
[BlackTitle "GM"]
[WhiteElo "2544"]
[BlackElo "2531"]
[WhiteTeam "EVRY Grand Roque"]
[BlackTeam "GRASSE Echecs"]
[WhiteFideId "605492"]
[BlackFideId "5201233"]
[EventDate "2012.05.31"]

1. e4 d5 2. exd5 Qxd5 3. Nc3 Qa5 4. d4 Nf6 5. Bd2 Bg4 6. f3 Bf5 7. g4 Bg6 8. f4
e6 9. f5 exf5 10. g5 Nd5 11. Qe2+ Be7 12. Qb5+ Qxb5 13. Bxb5+ c6 14. Nxd5 cxb5
15. Nc7+ Kd7 16. Nxa8 Nc6 17. O-O-O Bh5 18. Rf1 Nxd4 19. c3 Ne6 20. Rxf5 Rxa8
21. Nf3 b4 22. cxb4 Rc8+ 23. Bc3 Bxb4 24. Kd2 Bxc3+ 25. bxc3 Kc7 26. Nd4 Rd8 27.
Ke3 Bg6 28. Ra5 a6 29. h4 Kb6 30. Re5 Nxd4 31. cxd4 f6 32. gxf6 gxf6 33. Re6+
Kb5 34. h5 Bf5 35. Rxf6 Re8+ 36. Kd2 Bg4 37. Rg1 Bd7 38. Rg7 Bc6 39. Rxh7 Re4
40. Rd6 Rh4 41. d5 Be8 42. Rd8 Re4 43. Kd3 Re1 44. Rc7 Kb6 1-0

[Event "TCh-FRA Top 12 2012"]
[Site "Belfort FRA"]
[Date "2012.05.31"]
[Round "1.5"]
[White "Fargere, Francois"]
[Black "Fedorchuk, Sergey A."]
[Result "1/2-1/2"]
[WhiteTitle "GM"]
[BlackTitle "GM"]
[WhiteElo "2467"]
[BlackElo "2634"]
[WhiteTeam "GRASSE Echecs"]
[BlackTeam "EVRY Grand Roque"]
[WhiteFideId "615935"]
[BlackFideId "14102536"]
[EventDate "2012.05.31"]

1. e4 e5 2. Nf3 Nc6 3. Bb5 Nf6 4. O-O Nxe4 5. Re1 Nd6 6. Nxe5 Be7 7. Bf1 O-O 8.
d4 Nf5 9. c3 Nxe5 10. Rxe5 d6 11. Re1 d5 12. Nd2 Nd6 13. Bd3 c6 14. Qc2 g6 15.
Nf3 Re8 16. Bf4 Bg4 17. Ne5 1/2-1/2

[Event "TCh-FRA Top 12 2012"]
[Site "Belfort FRA"]
[Date "2012.05.31"]
[Round "1.2"]
[White "Meier, Georg"]
[Black "Iordachescu, Viorel"]
[Result "1/2-1/2"]
[WhiteTitle "GM"]
[BlackTitle "GM"]
[WhiteElo "2637"]
[BlackElo "2614"]
[WhiteTeam "VANDOEUVRE Echecs"]
[BlackTeam "METZ Fischer"]
[WhiteFideId "4675789"]
[BlackFideId "13900200"]
[EventDate "2012.05.31"]

1. c4 e5 2. g3 Nc6 3. Bg2 g6 4. Nc3 Bg7 5. e3 f5 6. Nge2 Nf6 7. d3 d6 8. Rb1 a5
9. a3 O-O 10. O-O Be6 11. Nd5 Bf7 12. Nxf6+ Bxf6 13. Nc3 Bg7 14. Bd2 Be6 15. Qa4
Qd7 16. Nd5 Qd8 17. Bc3 Kh8 18. f4 Nb8 19. Qd1 Ra7 20. fxe5 dxe5 21. d4 Bf7 1/2-1/2

[Event "TCh-FRA Top 12 2012"]
[Site "Belfort FRA"]
[Date "2012.05.31"]
[Round "1.3"]
[White "Postny, Evgeny"]
[Black "Bauer, Christian"]
[Result "1/2-1/2"]
[WhiteTitle "GM"]
[BlackTitle "GM"]
[WhiteElo "2651"]
[BlackElo "2672"]
[WhiteTeam "METZ Fischer"]
[BlackTeam "VANDOEUVRE Echecs"]
[WhiteFideId "2804344"]
[BlackFideId "603767"]
[EventDate "2012.05.31"]

1. d4 e6 2. c4 Bb4+ 3. Bd2 Qe7 4. g3 Nc6 5. Nf3 Nf6 6. Nc3 O-O 7. Bg2 Na5 8. b3
b6 9. O-O Bb7 10. Qc2 Rfc8 11. Rad1 c5 12. dxc5 Bxc5 13. Bg5 d5 14. e4 dxc4 15.
e5 cxb3 16. axb3 Bb4 17. exf6 Qc5 18. Bd2 gxf6 19. Rc1 Rab8 20. Qb1 Qe7 21. Rfd1
Ba3 22. Rc2 Rd8 23. Bh6 Qb4 24. Rxd8+ Rxd8 25. Nd2 Bxg2 26. Kxg2 Qg4 27. Nce4
Qg6 28. Be3 Bb4 29. Qb2 e5 30. Qc1 Rf8 31. Nc3 Rc8 32. Nce4 Rf8 33. f4 Bxd2 34.
Nxd2 Qd3 35. Rc3 Qd5+ 36. Kg1 exf4 37. Bxf4 Re8 38. Rc8 Qd4+ 39. Kg2 Qd7 40.
Rxe8+ Qxe8 41. Kf2 Qe6 42. Qc3 Kg7 43. Qe3 Kg6 44. Qd3+ Kg7 45. h4 h5 46. Bd6
Nc6 47. Nf3 a5 48. Bf4 Nb4 49. Qc3 Qe4 50. Be3 b5 51. Qd4 Qc2+ 52. Nd2 Nd3+ 53.
Kg2 a4 54. bxa4 bxa4 55. g4 Qc6+ 56. Ne4 Nc5 57. Qxf6+ Qxf6 58. Nxf6 hxg4 59.
Bxc5 Kxf6 60. Kg3 Kg6 61. Kxg4 f5+ 62. Kg3 Kh6 63. Be3+ Kh5 64. Bc1 Kg6 65. Ba3
Kh5 66. Be7 Kg6 67. Kg2 Kf7 68. Bd6 Kg6 69. Kf3 Kh5 70. Kg3 Kg6 71. Be7 Kf7 72.
Bb4 Kg6 73. Bc5 Kh5 74. Be7 Kg6 75. Kf4 Kh5 76. Kg3 Kg6 77. Kf4 Kh5 78. Kxf5 a3
79. Bf6 a2 80. Kf4 a1=B 81. Bxa1 Kxh4 1/2-1/2

[Event "TCh-FRA Top 12 2012"]
[Site "Belfort FRA"]
[Date "2012.05.31"]
[Round "1.4"]
[White "Genzling, Alain"]
[Black "Lazarev, Vladimir"]
[Result "0-1"]
[WhiteTitle "IM"]
[BlackTitle "GM"]
[WhiteElo "2408"]
[BlackElo "2438"]
[WhiteTeam "VANDOEUVRE Echecs"]
[BlackTeam "METZ Fischer"]
[WhiteFideId "632708"]
[BlackFideId "4113250"]
[EventDate "2012.05.31"]

1. e4 c5 2. Nc3 e6 3. f4 d5 4. Nf3 dxe4 5. Nxe4 Nc6 6. d3 Nge7 7. g3 b6 8. Bg2
Bb7 9. Be3 Nf5 10. Bf2 Be7 11. O-O O-O 12. g4 Nd6 13. Ng3 Qc7 14. Be3 c4 15. d4
Nb4 16. c3 Nd5 17. Bd2 b5 18. Qc2 Nf6 19. g5 Nfe4 20. Rae1 Nxd2 21. Nxd2 Bxg2
22. Kxg2 a5 23. h4 b4 24. f5 exf5 25. Nxf5 Nxf5 26. Qxf5 a4 27. Qd5 a3 28. Qxc4
Qb7+ 29. d5 axb2 30. cxb4 Bxb4 31. Qb3 Ra3 32. Qxb2 Qxd5+ 33. Re4 Bxd2 34. Qxa3
Qxe4+ 35. Rf3 Qxh4 36. Qd6 Qxg5+ 37. Kf2 Qh6 38. Qd7 Bg5 39. a4 Qe6 0-1

[Event "TCh-FRA Top 12 2012"]
[Site "Belfort FRA"]
[Date "2012.05.31"]
[Round "1.5"]
[White "Koch, Jean-Rene"]
[Black "Nezar, Mustapha"]
[Result "0-1"]
[WhiteTitle "IM"]
[BlackTitle "IM"]
[WhiteElo "2484"]
[BlackElo "2391"]
[WhiteTeam "METZ Fischer"]
[BlackTeam "VANDOEUVRE Echecs"]
[WhiteFideId "600148"]
[BlackFideId "608637"]
[EventDate "2012.05.31"]

1. e4 e6 2. d3 d5 3. Nd2 Nf6 4. Ngf3 b6 5. c3 Be7 6. Be2 O-O 7. O-O Bb7 8. e5
Nfd7 9. Re1 c5 10. Nf1 Nc6 11. Ng3 b5 12. Bf1 a5 13. Bf4 b4 14. c4 Nb6 15. Qc1
Rc8 16. b3 a4 17. Nh5 Kh8 18. Qe3 d4 19. Qe2 Ra8 20. Nd2 g6 21. Nf6 Nd7 22. Bh6
Ndxe5 23. Bxf8 Qxf8 24. Ng4 Nd7 25. f4 a3 26. g3 Re8 27. Bg2 Bd8 28. Bf3 f5 29.
Qg2 Qd6 30. Ne5 Ndxe5 31. fxe5 Qc7 32. h4 Rg8 33. Re2 g5 34. hxg5 Bxg5 35. Nf1
Be3+ 36. Kh1 f4 37. Nxe3 dxe3 38. Rg1 Nd4 39. Bxb7 Nxe2 40. Qxe2 Qxb7+ 41. Kh2
Qg7 42. Qh5 fxg3+ 43. Kg2 Rf8 44. Rf1 Rf2+ 45. Kg1 Qf8 46. Re1 Rxa2 0-1

[Event "TCh-FRA Top 12 2012"]
[Site "Belfort FRA"]
[Date "2012.05.31"]
[Round "1.6"]
[White "Paci, Cedric"]
[Black "Taddei, Benoit"]
[Result "1/2-1/2"]
[WhiteTitle "FM"]
[BlackTitle "FM"]
[WhiteElo "2379"]
[BlackElo "2320"]
[WhiteTeam "VANDOEUVRE Echecs"]
[BlackTeam "METZ Fischer"]
[WhiteFideId "614203"]
[BlackFideId "610151"]
[EventDate "2012.05.31"]

1. d4 f5 2. Nf3 Nf6 3. c4 e6 4. g3 d5 5. Bg2 c6 6. O-O Bd6 7. b3 Qe7 8. a4 a5 9.
Ba3 Bxa3 10. Nxa3 O-O 11. Nc2 Nbd7 12. Nce1 b6 13. Ne5 Ba6 14. N1d3 Rac8 15. Rc1
Nxe5 16. Nxe5 Nd7 17. Nd3 Rfd8 18. cxd5 cxd5 19. Qd2 Qd6 20. Rfd1 Nb8 21. Ne1
Nd7 1/2-1/2

[Event "TCh-FRA Top 12 2012"]
[Site "Belfort FRA"]
[Date "2012.05.31"]
[Round "1.7"]
[White "Neiman, Emmanuel"]
[Black "Philippe, Christophe"]
[Result "0-1"]
[WhiteTitle "FM"]
[BlackTitle "IM"]
[WhiteElo "2335"]
[BlackElo "2403"]
[WhiteTeam "METZ Fischer"]
[BlackTeam "VANDOEUVRE Echecs"]
[WhiteFideId "601616"]
[BlackFideId "610038"]
[EventDate "2012.05.31"]

1. d4 d5 2. Nf3 Nc6 3. Bf4 Bg4 4. e3 e6 5. Be2 Bd6 6. O-O Bxf4 7. exf4 Qf6 8. c4
Nge7 9. cxd5 exd5 10. Nc3 Qxf4 11. Re1 O-O 12. Rc1 Rad8 13. h3 Bxf3 14. Bxf3
Nxd4 15. Rxe7 Nxf3+ 16. Kf1 Nd2+ 17. Kg1 Ne4 18. Nxe4 dxe4 19. Qe1 Rd2 20. g3
Qd6 21. Qxe4 Rxf2 22. Kxf2 Qd2+ 23. Qe2 Qxc1 24. h4 h5 25. Qxh5 Qxb2+ 26. Re2
Qd4+ 27. Kg2 Rd8 28. Kh2 b6 29. Re7 Qc4 30. Qe5 Qxa2+ 31. Kh3 Qf2 32. Rxc7 a5
33. h5 Qf1+ 34. Kh4 Qh1+ 35. Kg4 Qd1+ 36. Kh3 Qd5 37. Qe2 Qh1+ 38. Kg4 Rd4+ 39.
Kf5 Qd5+ 40. Qe5 Qf3+ 0-1

[Event "TCh-FRA Top 12 2012"]
[Site "Belfort FRA"]
[Date "2012.05.31"]
[Round "1.8"]
[White "Guichard, Pauline"]
[Black "Leconte, Maria"]
[Result "1-0"]
[WhiteTitle "WGM"]
[BlackTitle "WGM"]
[WhiteElo "2316"]
[BlackElo "2260"]
[WhiteTeam "VANDOEUVRE Echecs"]
[BlackTeam "METZ Fischer"]
[WhiteFideId "639370"]
[BlackFideId "618446"]
[EventDate "2012.05.31"]

1. d4 Nf6 2. c4 e6 3. Nf3 Bb4+ 4. Nbd2 b6 5. a3 Bxd2+ 6. Qxd2 Bb7 7. g3 a5 8. b3
Be4 9. Bg2 d5 10. O-O a4 11. Qc2 axb3 12. Qxb3 O-O 13. Bg5 Nc6 14. Qe3 h6 15.
cxd5 exd5 16. Rfc1 hxg5 17. Rxc6 Bxf3 18. Qxf3 Re8 19. Rac1 Qe7 20. e3 Ra7 21.
Qf5 Qxa3 22. Qxg5 Rd8 23. h4 Qe7 24. h5 Rd6 25. R6c3 Qd8 26. Bf3 Ne8 27. Qe5 Ra5
28. Bg4 Nf6 29. Rxc7 Nxg4 30. Qf4 Qf6 31. Qxg4 Ra2 32. Qf4 Qxf4 33. gxf4 Rh6 34.
Rb7 Rxh5 35. Rb8+ Kh7 36. Rxb6 Rf5 37. Kg2 g6 38. Kg3 Ra8 39. Rd6 g5 40. Kg4 1-0

[Event "TCh-FRA Top 12 2012"]
[Site "Belfort FRA"]
[Date "2012.05.31"]
[Round "1.5"]
[White "Krasenkow, Michal"]
[Black "Shoker, Samy"]
[Result "1-0"]
[WhiteTitle "GM"]
[BlackTitle "IM"]
[WhiteElo "2604"]
[BlackElo "2517"]
[WhiteTeam "Echiquier Chalonnais"]
[BlackTeam "MULHOUSE Philidor"]
[WhiteFideId "1113100"]
[BlackFideId "627143"]
[EventDate "2012.05.31"]

1. Nf3 c5 2. c4 Nf6 3. Nc3 Nc6 4. d4 cxd4 5. Nxd4 g6 6. e4 d6 7. Be2 Bg7 8. Be3
O-O 9. O-O Bd7 10. Kh1 Nxd4 11. Bxd4 Bc6 12. Qd3 a6 13. Qe3 Qd7 14. a4 Qe6 15.
f3 a5 16. c5 d5 17. e5 Nd7 18. f4 f6 19. Nb5 Rac8 20. h3 fxe5 21. fxe5 Rxf1+ 22.
Rxf1 Rf8 23. Rxf8+ Nxf8 24. Bg4 Qf7 25. e6 Qf1+ 26. Kh2 Bxb5 27. axb5 Qxb5 28.
Bxg7 Kxg7 29. Qf4 Qe8 30. Bf3 g5 31. Qxg5+ Ng6 32. Bxd5 Qb8+ 33. Qg3 Qc8 34.
Qc3+ Kf8 35. g3 Qc7 36. h4 Kg8 37. h5 Ne5 38. Kh3 h6 39. Qe3 Kh7 40. Qf4 Qb8 41.
g4 a4 42. Be4+ Kg7 43. g5 1-0

[Event "TCh-FRA Top 12 2012"]
[Site "Belfort FRA"]
[Date "2012.05.31"]
[Round "1.6"]
[White "Demuth, Adrien"]
[Black "Abergel, Thal"]
[Result "1-0"]
[WhiteTitle "IM"]
[BlackTitle "GM"]
[WhiteElo "2423"]
[BlackElo "2451"]
[WhiteTeam "MULHOUSE Philidor"]
[BlackTeam "Echiquier Chalonnais"]
[WhiteFideId "642274"]
[BlackFideId "614890"]
[EventDate "2012.05.31"]

1. d4 Nf6 2. c4 b6 3. Nc3 Bb7 4. Qc2 d5 5. cxd5 Nxd5 6. Nf3 g6 7. e4 Nxc3 8.
bxc3 Bg7 9. h4 h6 10. Be3 Qd6 11. Bc4 e6 12. Rd1 Nd7 13. e5 Qe7 14. Bd3 O-O-O
15. Be4 Bxe4 16. Qxe4 Qa3 17. O-O Qxc3 18. Rc1 Qa5 19. Qc6 b5 20. d5 Nb8 21. Qa8
Rxd5 22. Bxa7 Kd7 23. Qb7 Na6 24. Rc6 Nb4 25. Bb6 Nxc6 26. Qxc7+ 1-0

[Event "TCh-FRA Top 12 2012"]
[Site "Belfort FRA"]
[Date "2012.05.31"]
[Round "1.8"]
[White "Choisy, Mathilde"]
[Black "Benmesbah, Natacha"]
[Result "0-1"]
[WhiteTitle "WFM"]
[BlackTitle "WIM"]
[WhiteElo "2205"]
[BlackElo "2208"]
[WhiteTeam "MULHOUSE Philidor"]
[BlackTeam "Echiquier Chalonnais"]
[WhiteFideId "634565"]
[BlackFideId "642002"]
[EventDate "2012.05.31"]

1. e4 c5 2. Nf3 d6 3. d4 cxd4 4. Nxd4 Nf6 5. Nc3 g6 6. Be3 Bg7 7. f3 O-O 8. Qd2
Nc6 9. Bc4 Bd7 10. Bb3 Na5 11. O-O-O Rb8 12. h4 b5 13. Kb1 Nc4 14. Bxc4 bxc4 15.
Ka1 Qc7 16. h5 Qb7 17. Rb1 Rfd8 18. hxg6 fxg6 19. g4 Rf8 20. Bh6 Rf7 21. Bxg7
Rxg7 22. Rhe1 e5 23. Nde2 Ne8 24. Nd5 Be6 25. Nec3 Rf7 26. Re3 Nc7 27. Nxc7 Qxc7
28. Nd5 Qc5 29. Rc3 Bxd5 30. exd5 Rf4 31. Re1 Rd4 32. Qe2 Qxd5 33. b3 cxb3 34.
Rxb3 Rxb3 35. axb3 Rd2 36. Qe4 Qxe4 37. fxe4 Rxc2 38. Rd1 Rc6 39. Kb2 Kg7 40.
Ka3 Kf6 41. Rh1 Rc7 42. Kb4 Kg5 43. Rd1 Kxg4 44. Rxd6 Kf4 0-1